00940 a2200205 4500003000500000005001700005010001300022040000900035082001200044100002900056245012500085260004700210300004000257505021000297600002900507650004400536942001200580999001900592952012300611Nust20230204144145.0 a45007665 cNust a947,LOV aLovell, Maurice.9108545 aThe Soviets and overselves Landsmen and seafarersbWith 14 isotype charts in colour and 32 photographs /cMaurice Lovell aLondon, Toronto [etc.]bG. G. Harrapc1945 a63 p.billus.c(incl. ports) 23 cm. aThe Trouble With The Russians Is (Page-9), How Big Is The Question (Page-23), Well, It’s A Long Story (Page-28), What Are The Facts (Page-39), More Facts (Page-44), Getting On With The Russian (Page-61). aLovell, Maurice.9108545 aComparison of Russia & England9108546 2ddccBK c187394d187394 00102ddc4070aMCSbMCScGENd2016-12-12o947,LOVpMCS29069r2016-12-08w2016-12-12yBKzAlmirah No. 60, Shelf No. 6